| 000 | 00613nam a22002057a 4500 | ||
|---|---|---|---|
| 005 | 20240619122421.0 | ||
| 010 | _aENG-140640 | ||
| 020 |
_c799.00 _a9789356067414 |
||
| 035 | _aEN-124172 | ||
| 037 | _bDBAD | ||
| 082 | _a005.133 | ||
| 100 |
_aSebesta, Robert W. _967587 |
||
| 245 |
_aConcepts of Programming Languages/ _cRobert W. Sebesta |
||
| 250 | _a12fth edition | ||
| 260 |
_aUttar Pradesh _bPearson India Education Services Pvt. Ltd _c2023 |
||
| 270 |
_bNoida _e201301 |
||
| 300 |
_axxi; 752p. : _c24cm(Pb) |
||
| 700 |
_aRobert W. Sebesta _967584 |
||
| 942 |
_2ddc _cEN _h005.133 _mSEB |
||
| 999 |
_c203632 _d203632 |
||